Vladimír Palko reaguje

Bibliographic Details
Main Author: Palko, Vladimír (Author)
Format: Article
Language:Slovak
ISSN:1336-6955
Subjects:

MARC

LEADER 00000nab a2200000 ar4500
001 vtls008424066
003 SK-MaSNL
005 20260426083815.0
008 250505c2005 xo br|p|||||||000 b|slo
015 |a SNBRB2006/01  |2 snkbucl 
035 |a (sysno)vtls008424066 
035 |a urn:nbn:sk:snk-ab7ckz 
035 |a (uuid)ef7b96b1-02cf-4786-bba8-75a8c8fad5bd 
035 |a (urnnbn)urn:nbn:sk:snk:ar-a07j62 
038 |a SNKBUCL 
040 |a SNKBUCL  |b slo  |c SNKBUCL  |e AACR2 
041 0 |a slo 
044 |a xo  |c SK 
080 |a 32-051  |2 1981 
080 |a 327  |x (73)  |2 1981 
080 |a 327  |x (437.6)  |2 1981 
100 1 |a Palko, Vladimír  |4 aut  |9 335623 
245 1 0 |a Vladimír Palko reaguje  |c Vladimír Palko 
600 1 7 |a Bush, George W.  |q (George Walker),  |d 1946-  |2 snkbucl  |9 182207 
610 1 7 |a Spojené štáty americké.  |b Prezident (2001-2009 : Bush)  |2 snkbucl  |9 194317 
648 7 |a 2005  |2 snkbucl  |9 305506 
651 7 |a Bratislava (Slovensko)  |2 snkbucl  |9 14568 
773 0 |t Impulz  |g Roč. 1, č. 3 (2005), s. 5-6  |x 1336-6955 
850 |a Slovenská národná knižnica 
852 |a Slovenská národná knižnica 
954 |a odborná, vedecká literatúra cudzojazyčná (svetová)  |2 lita 
958 |a article2022 
958 |a US 
958 |a OND 
958 |a EUIPO 
999 |c 2915262  |d 2917192